000 00636nam a22000977a 4500
008 170109b xxu||||| |||| 00| 0 eng d
100 _aBruns, James
245 _aHorse drawn mail vehicles
260 _aPolo, IL
_bTransportation Trails
_c1996
650 _aUnited States | Transportation of Mail | Postal Service | Postal History | Letter Carriers | Rural Free Delivery | Mail Wagons | Mail Carts | Postal Vehicles | Mobile Post Offices | Collection and Distribution Wagon Service | Collection and Distribution Service | Parcel Post | Overland Mail | Mail Coaches | Stagecoach Lines | Mail Sleds | United States -- Carriages and Carts -- History
999 _c2185
_d2185